Vista normal
Vista MARC
Educación Ambiental (Registro nro. 8119)
[ vista simple ]
| 000 -Cabecera (24) | |
|---|---|
| Campo de control interno | 01174nam a22003017a 4500 |
| 001 - Número de control | |
| Campo de control | UTEA |
| 005 - Fecha y hora de la | |
| Campo de control | 20240320164947.0 |
| 006 - Campos de control - información adicional | |
| Campos de control | g||||gr||||||01 nz |
| 007 - Tipo material - Descripcion fisica - info general | |
| Tipo material | ta |
| 008 - Códigos de longitud fija (40p) | |
| Campo de control de longitud fija | 190415b peu||||| |||| 00| 0 spa d |
| 020 ## - INTERNATIONAL STANDARD BOOK NUMBER | |
| ISBN | 9789587713237 |
| 040 ## - Origen de la Catalogacion | |
| Centro catalogador/agencia de origen | UTEA |
| 041 ## - Código de idioma (R) | |
| Código de lengua del texto/banda sonora o título independiente (R) | ES |
| 044 ## - COUNTRY OF PUBLISHING/PRODUCING ENTITY CODE | |
| MARC country code | PE |
| 082 ## - Número de la Clasificación | |
| Número de la Clasificación | 372.357 |
| Notación Interna | M28 2017 |
| 100 ## - Autor Personal | |
| Autor Personal | Matos Meléndez, Bárbara Bernardina |
| 245 ## - Titulo | |
| Titulo | Educación Ambiental |
| Mención del autor | Bárbara Bernardina Matos Meléndez |
| Medio físico | [Impreso] |
| 250 ## - Mencion de edicion | |
| Mencion de edicion | 2da |
| 260 ## - Editorial | |
| Ciudad | Lima - Perú |
| Nombre de la Editorial | ECOE |
| Fecha | 2017 |
| 300 ## - Descripcion | |
| Páginas | 255p |
| Otros detalles físicos | Esquemas, cuadros |
| Dimensiones | 24cm |
| 504 ## - Nota Bibliografica | |
| Nota bibliografica | Incluye: Bilbliografía [245 - 255p] |
| 505 ## - Nota de contenido formateada | |
| Nota de contenido formateada Índice del Libro] | Fundamentos y Principios de la Educación Ambiental -- Metodología Aplicativa de la Educación Ambiental -- Educación y Gestión Ambiental Participativa -- Evaluación en Educación Ambiental |
| 650 #0 - Temas - Descriptores | |
| Temas - Descriptores | FUNDAMENTOS Y PRINCIPIOS DE LA EDUCACIÓN AMBIENTAL |
| 9 (RLIN) | 37171 |
| 650 #0 - Temas - Descriptores | |
| Temas - Descriptores | METODOLOGÍA APLICATIVA DE LA EDUCACIÓN AMBIENTAL |
| 9 (RLIN) | 37172 |
| 650 #0 - Temas - Descriptores | |
| Temas - Descriptores | EVALUACIÓN EN EDUCACIÓN AMBIENTAL |
| 9 (RLIN) | 37173 |
| 700 ## - Coautor Personal | |
| Coautor Personal | Flores Guerrero, Maritza Asunción |
| 9 (RLIN) | 37175 |
| 942 ## - Datos personalizados Koha | |
| Esquema de Clasificacion | Dewey Decimal Classification |
| Tipo de Documento | Libros |
| Catalogador | Cirila Celinda Molina Chirinos |
| Fecha procesamiento | 2024-03-20 |
| Estado de retiro | Estado de pérdida | Fuente de Clasificacion | Estado | No para préstamo | Escuela Profesional/ Mención de Maestría | Localización permanente | Ubicación/localización actual | Ubicación en estantería | Fecha de adquisición | Signatura topográfica completa | Código de barras | Tipo de ítem Koha |
|---|---|---|---|---|---|---|---|---|---|---|---|---|
| Dewey Decimal Classification | E.P. Ingeniería Ambiental y RR.NN. | Biblioteca Abancay UTEA | Biblioteca Abancay UTEA | Área de Ciencias Puras y Aplicada (primer piso) | 03/20/2024 | 372.357 M28 2017 | BABA19041232 | Libros |